00976nam a2200229 a 450000100100000000500170001000800410002702000150006804000250008308200150010810000290012324501840015226000390033630000420037559000270041770000280044470000270047270000600049970000570055995201130061699900170072900003635220200930075702.0120113s1986 mx 000 0 spa d a9682512271 aDO-SdBNPbspacBNPHU axxxbS592a1 aSimms, Lillian M.96253110aAdministración de servicios de enfermería /cLillian M. Simms, Sylvia A. Price, Naomi E. Ervin ; traducción Alejandra Martínez Rodríguez y Ana María Palencia Guerrero. aMéxico :bInteramericana,c1986. axiv, 410 p. :bil., diagrs. ;c24 cm. aInventariado, 2019 /LP1 aPrice, Sylvia A.9625321 aErvin, Naomi E.9625331 aMartínez Rodríguez, Alejandra,etraducción9625341 aPalencia Guerrero, Ana María,etraducción962535 001050718MOaGRbGRcHDd2012-01-13iLF1l0oxxx S592ap36353-10r2020-06-25w2020-06-25y1ZNo se presta c35843d35843